Informe de gestión : (Registro nro. 39975)
[ vista simple ]
| 000 -CABECERA | |
|---|---|
| campo de control de longitud fija | 00503nam a2200133 a 4500 |
| 001 - NÚMERO DE CONTROL | |
| campo de control | 000040485 |
| 005 - FECHA Y HORA DE LA ÚLTIMA TRANSACCIÓN | |
| campo de control | 20201002034148.0 |
| 008 - DATOS DE LONGITUD FIJA--INFORMACIÓN GENERAL | |
| campo de control de longitud fija | 130826s2012 dr 000 0 spa d |
| 040 ## - FUENTE DE LA CATALOGACIÓN | |
| Centro catalogador/agencia de origen | DO-SdBNP |
| Lengua de catalogación | spa |
| Centro/agencia transcriptor | BNPHU |
| 111 1# - ENTRADA PRINCIPAL--NOMBRE DE CONGRESO/REUNIÓN | |
| Nombre de congreso/reunión o jurisdicción como elemento de entrada | República Dominicana |
| Número [OBSOLETO] | Cámara de Diputados |
| 9 (RLIN) | 66791 |
| 245 10 - MENCIÓN DE TÍTULO | |
| Título | Informe de gestión : |
| Resto del título | periodo legislativo 2011 -2012, 16 de agosto de 2011 25 de julio de 2012 /. |
| 260 ## - PUBLICACIÓN, DISTRIBUCIÓN, ETC. | |
| Lugar de publicación, distribución, etc. | Santo Domingo : |
| Nombre del editor, distribuidor, etc. | Cámara de Diputados, |
| Fecha de publicación, distribución, etc. | 2012. |
| 300 ## - DESCRIPCIÓN FÍSICA | |
| Extensión | 155 p. : |
| Otras características físicas | il., gráf.,mapas, retrs., ; |
| Dimensiones | 28 cm. |
| Estado de retiro | Estado de pérdida | No para préstamo | Código de colección | Localización permanente | Ubicación/localización actual | Ubicación en estantería | Fecha de adquisición | Número de inventario | Total de préstamos | Signatura topográfica completa | Código de barras | Fecha visto por última vez | Precio válido a partir de | Tipo de ítem Koha |
|---|---|---|---|---|---|---|---|---|---|---|---|---|---|---|
| Excluido de préstamo | Patrimonio Dominicano | Patrimonio Dominicano | Patrimonio Dominicano | En catalogación | 26.08.2013 | LF1 | 40485-10 | 25.06.2020 | 25.06.2020 | Libro y Folleto Colección Patrimonio Dominicano |
